| 000 | 00609nam a2200181Ia 4500 | ||
|---|---|---|---|
| 008 | 090630s9999 xx 000 0 und d | ||
| 082 | _b29038 | ||
| 100 | _aकदम माधव. | ||
| 245 |
_aसिंधुदुर्ग दर्शन. _cकदम माधव. |
||
| 260 |
_bसोनाली - कणकवली. _c2006 |
||
| 300 | _a111 | ||
| 600 | _aकदम माधव. | ||
| 630 | _aसिंधुदुर्ग दर्शन. | ||
| 655 | _aप्रवास. | ||
| 700 | _aकदम माधव. | ||
| 730 | _aसिंधुदुर्ग दर्शन. | ||
| 942 | _cBOOK | ||
| 999 |
_c280894 _d280894 |
||